| 000 | 00948 a2200277 4500 | ||
|---|---|---|---|
| 999 |
_c352684 _d352684 |
||
| 003 | OSt | ||
| 005 | 20180116192341.0 | ||
| 008 | 110812t 1993xxu||||| |||| 00| 0 eng d | ||
| 020 | _a0500015651 : | ||
| 020 | _a9780500282212 | ||
| 040 | _c0 | ||
| 082 | 0 | 4 | _a746.75095 |
| 100 | 1 |
_aHull, Alastair. _953 |
|
| 245 | 1 | 0 |
_aKilim : _bthe complete guide, history, pattern, technique, identification / _cAlastair Hull and Jose Luczyc-Wyhowska. |
| 260 |
_aLondon : _bThames and Hudson, _c1993. |
||
| 300 |
_a352 p. : _b ill. (some col.), maps ; _c 33 cm. |
||
| 500 | _aIncludes bibliographical references and index. | ||
| 650 | 1 | 0 |
_aKilims _zCentral Asia _zAfghanistan. _954 |
| 650 | 1 | 0 |
_aKilims _zNorth Africa. _955 |
| 650 | 1 | 0 |
_aKilims _cStructures and materials _956 |
| 650 | 1 | 0 |
_aKilims _zTurkey _957 |
| 650 | 1 | 0 |
_aKilims _zMorocco. _958 |
| 650 | 1 | 0 |
_aKilims _z Iran. _959 |
| 942 |
_2ddc _cBK |
||